| 000 | 00000nam##2200000za#4500 |
| 001 | 9.691292 |
| 003 | CaOODSP |
| 005 | 20210624232714 |
| 007 | cr ||||||||||| |
| 008 | 150407|2008||||xxc|||||o f|0| 0 eng|d |
| 020 | |a978-1-100-10345-7 |
| 040 | |aCaOODSP|beng |
| 043 | |an-cn--- |
| 086 | 1 |aR62-406/2008E-PDF |
| 110 | 2 |aParks Canada. |
| 245 | 10|aProceedings of the Parks Canada Workshop on the Management of CWD : |h[electronic resource]|ba first step to develop approaches to manage Chronic Wasting Disease in the national parks of the Prairie Region |
| 260 | |aCalgary - Alberta : |bParks Canada |c2008. |
| 300 | |a52p.|bcoloured figs., coloured maps, tables, photographs |
| 500 | |a"March 18 & 19, 2008, Western College of Veterinary Medecine, Saskatoon, Saskatchewan." |
| 590 | |a13-24-Supp|b2013-10-18 |
| 856 | 40|ahttp://publications.gc.ca|qPDF|s1015 KB|uhttps://publications.gc.ca/collections/collection_2013/pc/R62-406-2008-eng.pdf |